The panarion of Epiphanius of Salamis. Book I (Sects 1-46) /
Epiphanius, monastic founder and bishop of Salamis on Cyprus for almost 40 years of the fourth century, threw heart and soul into the controversies of the time and produced the \'Panarion\' or \'Medicine Chest\', an historical encyclopedia of sects and heresies and their refutati...
المؤلف الرئيسي:
مؤلفون آخرون:
التنسيق: كتاب الكتروني
اللغة:
English
Ancient Greek
منشور في:
Leiden ; Boston :
Brill,
2009.
الطبعة: 2nd ed., revised and expanded.
سلاسل:
Nag Hammadi and Manichaean Studies
63.
Biblical Studies, Ancient Near East and Early Christianity E-Books Online, Collection 2009, ISBN: 9789004222724.
الموضوعات:
الوصول للمادة أونلاين: Login to view Source
الوسوم: إضافة وسم
رقم الطلب: BR65.E653 P36413 2009
| LEADER | 03025nam a2200505 i 4500 | ||
|---|---|---|---|
| 001 | BRILL9789047441984 | ||
| 003 | nllekb | ||
| 005 | 20210602101714.0 | ||
| 006 | m d | ||
| 007 | cr un uuuua | ||
| 008 | 080722s2009 ne sb 001 0 eng | ||
| 010 | |a 2008031553 | ||
| 020 | |a 9789047441984 |q (electronic book) | ||
| 020 | |z 9789004170179 |q (print) | ||
| 024 | 7 | |a 10.1163/ej.9789004170179.i-404 |2 DOI | |
| 035 | |a (OCoLC)237199100 | ||
| 040 | |a NL-LeKB |c NL-LeKB |e rda | ||
| 041 | 1 | |a eng |h grc | |
| 050 | 4 | |a BR65.E653 |b P36413 2009 | |
| 082 | 0 | 4 | |a 273/.4 |2 22 |
| 100 | 0 | |a Epiphanius, |c Saint, Bishop of Constantia in Cyprus, |d ca. 310-403. | |
| 240 | 1 | 0 | |a Panarion. |n Book 1. |l English |
| 245 | 1 | 4 | |a The panarion of Epiphanius of Salamis. |n Book I (Sects 1-46) / |c translated by Frank Williams. |
| 250 | |a 2nd ed., revised and expanded. | ||
| 264 | 1 | |a Leiden ; |a Boston : |b Brill, |c 2009. | |
| 300 | |a 1 online resource. | ||
| 336 | |a text |b txt |2 rdacontent | ||
| 337 | |a computer |b c |2 rdamedia | ||
| 338 | |a online resource |2 rdacarrier | ||
| 490 | 0 | |a Brill eBook titles 2009 | |
| 504 | |a Includes bibliographical references and index. | ||
| 505 | 0 | 0 | |t Preliminary Material / |r F. Williams -- |t Letter Of Acacius And Paul / |r F. Williams -- |t Proem I / |r F. Williams -- |t Anacephalaeosis I / |r F. Williams -- |t Anacephalaeosis II / |r F. Williams -- |t Anacephalaeosis III / |r F. Williams -- |t Corrected Passages / |r F. Williams -- |t Index Of References / |r F. Williams -- |t Subject Index / |r F. Williams. |
| 506 | 1 | |a Available to subscribing member institutions only. | |
| 520 | |a Epiphanius, monastic founder and bishop of Salamis on Cyprus for almost 40 years of the fourth century, threw heart and soul into the controversies of the time and produced the \'Panarion\' or \'Medicine Chest\', an historical encyclopedia of sects and heresies and their refutations. Book I, concerned chiefly with Gnostic and Jewish Christian groups, deals with material which is also found in Nag Hammadi and other Gnostic writings and in such patristic authors as Irenaeus, Hippolytus et al, and reproduces documents not available elsewhere. Its translation has been found useful by students of Nag Hammadi and Gnosticism, patrologists, historians of religion, church historians, students of Judaism, and the theologically minded public. | ||
| 650 | 0 | |a Apologetics |v Early works to 1800. | |
| 650 | 0 | |a Christian heresies |v Early works to 1800. | |
| 700 | 1 | |a Williams, Frank, |c D. Phil. | |
| 776 | 0 | |t Panarion of Epiphanius of |z 9789004170179 (hardback : alk. paper) |z 9004170170 (hardback : alk. paper) | |
| 830 | 0 | |a Nag Hammadi and Manichaean Studies |v 63. | |
| 830 | 0 | |a Biblical Studies, Ancient Near East and Early Christianity E-Books Online, Collection 2009, ISBN: 9789004222724. | |
| 856 | 4 | |z DOI: |u http://dx.doi.org/10.1163/ej.9789004170179.i-404 | |
| 942 | |c EBOOK | ||
| 952 | |0 0 |1 0 |4 0 |7 1 |9 14598 |a BRILL |b BRILL |d 2021-06-02 |l 0 |r 2021-06-02 00:00:00 |w 2021-06-02 |y EBOOK | ||
| 994 | |a C0 |b NEIDC | ||
| 999 | |c 36047 |d 36047 | ||
